Visualizzazione normale
Vista MARC
- Lo Giudice Ambrogio
di Personal Name
Records bibliografici associati: 1
001 - CONTROL NUMBER
- control field: 39427
003 - CONTROL NUMBER IDENTIFIER
- control field: IT-RoPau
005 - DATE AND TIME OF LATEST TRANSACTION
- control field: 20151126101421.0
008 - FIXED-LENGTH DATA ELEMENTS
- fixed length control field: 151126|| aca||aabn | a|a d
040 ## - CATALOGING SOURCE
- Original cataloging agency: IT-RoPau
- Transcribing agency: IT-RoPau
100 ## - HEADING--PERSONAL NAME
- Personal name: Lo Giudice Ambrogio
- Relator term: (soggetto)
- Miscellaneous information: Codice Soggetto SPICS: 59196
670 ## - SOURCE DATA FOUND
- Source citation: Work cat.: (IT-RoPau)105092: Lo Giudice Ambrogio Codice regista SPICS: 59196 39423, PRIMA DAMMI UN BACIO PRIMA DAMMI UN BACIO (Rif. Codice opera principale : H8007)